000 00477nam a2200205Ia 4500
005 20240823054033.0
008 240823s9999||||xx |||||||||||||| ||und||
020 _a978-81-7596-790-8
041 _aENGLISH
082 _A153.8 Q0
100 _aMohammad Aslam
245 0 _aExperience and Emotion
250 _a1st
260 _c2010
_bCambridge University Pres
500 _aYES
650 _aGeneral
_bGeneral
700 _a tak A H
942 _cBK
999 _c225529
_d225529